Tennis players ranked #1 in the WTA and ATP by number of weeks - Statistics

General Stats
  • This quiz has been taken 510 times
  • The average score is 28 of 46
Answer Stats
Hint Answer % Correct
302 Roger Federer
96%
197 Novak Djokovic
93%
141 Rafael Nadal
93%
11 Venus Williams
93%
377 Steffi Graf
86%
286 Pete Sampras
84%
291 Serena Williams
84%
331 Martina Navratilova
82%
101 Andre Agassi
81%
170 John McEnroe
78%
109 Bjorn Borg
77%
21 Maria Sharapova
75%
270 Ivan Lendl
71%
209 Martina Hingis
71%
178 Monica Seles
69%
9 Marat Safin
68%
12 Boris Becker
67%
117 Justine Henin
67%
268 Jimmy Connors
66%
80 Lleyton Hewitt
66%
260 Chris Evert
64%
13 Andy Roddick
61%
72 Stefan Edberg
61%
20 Kim Clijsters
60%
98 Lindsay Davenport
58%
20 Mats Wilander
54%
58 Jim Courier
53%
67 Caroline Wozniacki
52%
2 Carlos Moya
50%
1 Patrick Rafter
50%
51 Victoria Azarenka
49%
43 Gustavo Kuerten
48%
8 Juan Carlos Ferrero
46%
12 Ana Ivanovic
45%
39 Amelie Mauresmo
43%
40 Ilie Nastase
43%
28 Jelena Jankovic
43%
17 Jennifer Capriati
42%
6 Marcelo Rios
42%
6 Yevgeny Kafelnikov
42%
6 Thomas Muster
40%
26 Dinara Safina
37%
2 Evonne Goolagong Cawley
37%
8 John Newcombe
32%
2 Tracy Austin
31%
12 Arantxa Sanchez Vicario
28%
No matching quizzes found
Score Distribution
Percent of People with Each Score
Percentile by Number Answered
Your Score History
You have not taken this quiz